The broken wall: (Record no. 5812)

000 -LEADER
fixed length control field 00599nam a2200181 a 4500
001 - CONTROL NUMBER
control field :::00003554$&:&@@
003 - CONTROL NUMBER IDENTIFIER
control field OkBaRHE
005 - DATE AND TIME OF LATEST TRANSACTION
control field 20000607103307.0
008 - FIXED-LENGTH DATA ELEMENTS--GENERAL INFORMATION
fixed length control field s1959 j 000 0 eng u
040 ## - CATALOGING SOURCE
Transcribing agency
100 1# - MAIN ENTRY--PERSONAL NAME
Personal name Barth, Markus.
245 14 - TITLE STATEMENT
Title The broken wall:
Remainder of title a study of the Epistle to the Ephesians.
260 ## - PUBLICATION, DISTRIBUTION, ETC. (IMPRINT)
Place of publication, distribution, etc London, UK:EN., :
Name of publisher, distributor, etc Collins
Date of publication, distribution, etc c1959
300 ## - PHYSICAL DESCRIPTION
Extent 256 p. ;
Dimensions 21 cm.
650 ## - SUBJECT ADDED ENTRY--TOPICAL TERM
Topical term or geographic name as entry element Bible New Testament Ephesians
General subdivision Criticism, Interpretation, etc.
942 ## - ADDED ENTRY ELEMENTS (KOHA)
Source of classification or shelving scheme
Koha item type Books
Copies
Withdrawn status Not for loan Date acquired Damaged status Copy number Barcode Full call number Shelving location Source of classification or shelving scheme Lost status Permanent Location Price effective from Date last seen Koha item type
  2010-04-14 13554BS 2695 .B33General Stacks  RHEMA Bible Training College2010-04-142018-04-03Books